(Banalny quiz) Które z tych państw jest najmniejsze? - Statystyki

Ogólne statystyki
  • Ten quiz został rozwiązany 107 razy
    106 od ostatniego zresetowania
  • Średni wynik to 11 z 15
Statystyki odpowiedzi
Zagadnienie Odpowiedź % Poprawnych
Które z tych państw jest najmniejsze? Watykan
98%
Które z tych państw jest najmniejsze? San Marino
97%
Które z tych państw jest najmniejsze? Nauru
96%
Które z tych państw jest najmniejsze??? Monako
94%
Które z tych państw jest najmniejsze? Tuvalu
92%
Które z tych państw jest najmniejsze? Macedonia
88%
Które z tych państw jest najmniejsze? Saint Vincent i Grenadyny
88%
Które z tych państw jest najmniejsze? Katar
78%
Które z tych państw jest najmniejsze? Belgia
75%
Które z tych państw jest najmniejsze? Paragwaj
74%
Które z tych państw jest najmniejsze? Gambia
60%
Które z tych państw jest najmniejsze? Zjednoczone Emiraty Arabskie
60%
Które z tych państw jest najmniejsze? Polska
51%
Które z tych państw jest najmniejsze? (Trudniejsze) Togo
50%
Które z tych państw jest najmniejsze? Hiszpania
19%
Nie znaleziono quizów pasujących do podanych kryteriów
Rozkład punktacji
Procent ludzi z każdym wynikiem
Percentyl według liczby udzielonych odpowiedzi
Twoja historia wyników
Nie rozwiązałeś tego quizu od ostatniego zresetowania